[Event "GER-chT U20"]
[White "Meyling, Lennart"]
[Black "Garbuz, Vitaliy"]
[Site "Braunschweig"]
[Round "3.1"]
[Result "1-0"]
[Date "2019.12.28"]
[WhiteElo "1955"]
[BlackElo "2064"]
[PlyCount "53"]
[EventDate "2019.12.27"]
[EventType "team-swiss"]
[EventRounds "7"]
[EventCountry "GER"]
[SourceTitle "CBM 194 Extra"]
[Source "ChessBase"]
[SourceDate "2020.03.31"]
[SourceVersion "1"]
[SourceVersionDate "2020.03.31"]
[SourceQuality "1"]
[WhiteTeam "Hamburger SK"]
[BlackTeam "Brackel"]
[WhiteTeamCountry "GER"]
[BlackTeamCountry "GER"]

1. d4 d5 2. c4 c6 3. Nc3 e6 4. cxd5 exd5 5. Qc2 Nf6 6. Bg5 Be7 7. e3 Bg4 8. Bd3 Bh5 9. Nf3 Nbd7 10. Nh4 Bg6 11. Nf5 Bxf5 12. Bxf5 Nh5 13. Bxe7 Qxe7 14. 0-0 g6 15. Bd3 f5 16. g3 0-0 17. b4 a6 18. a4 b5 19. axb5 axb5 20. Ne2 Qd6 21. Rfc1 Rxa1 22. Rxa1 Nb6 23. Qc5 Qxc5 24. dxc5 Na4 25. Nd4 Nb2 26. Be2 Rf6 27. Ra6 1-0